Statistics for California Sports Teams

Click here to take the quiz!

General Stats

  • This quiz has been taken 696 times
    (608 since last reset)
  • The average score is 15 of 23

Answer Stats

HintAnswer% Correct
L.A.KIngs
97%
SacramentoKings
97%
L.A.Lakers
94%
San DiegoChargers
90%
L.A.Clippers
90%
San Fransico49ers
89%
L.A.Dodgers
89%
AnaheimAngels
88%
L.A.Angels
88%
San FransicoGiants
87%
OaklandRaiders
86%
San DiegoPadres
84%
San JoseSharks
84%
OaklandAthletics
81%
AnaheimDucks
81%
OaklandWarriors
74%
L.A.Galaxy
47%
San JoseEarthquakes
28%
L.A.Sparks
15%
L.A.Chivas
8%
SacramentoMonarchs
8%
San JoseSaberCats
5%
L.A.Avengers
3%

Score Distribution

Percentile by Number Answered

Percent of People with Each Score

Your Score History

You have not taken this quiz since the last reset